<?xml version="1.0" encoding="UTF-8"?>
<record
    xmlns:xsi="http://www.w3.org/2001/XMLSchema-instance"
    xsi:schemaLocation="http://www.loc.gov/MARC21/slim http://www.loc.gov/standards/marcxml/schema/MARC21slim.xsd"
    xmlns="http://www.loc.gov/MARC21/slim">

  <leader>03093cam a22003253a 4500</leader>
  <controlfield tag="001">0000670</controlfield>
  <controlfield tag="003">DO-SdBNP</controlfield>
  <controlfield tag="005">20171110085532.0</controlfield>
  <controlfield tag="007">0000670</controlfield>
  <controlfield tag="008">861112   2009  mx ac        000 0 spa d</controlfield>
  <datafield tag="010" ind1=" " ind2=" ">
    <subfield code="a"> </subfield>
  </datafield>
  <datafield tag="020" ind1=" " ind2=" ">
    <subfield code="a">9789709852394 (obra completa)</subfield>
  </datafield>
  <datafield tag="020" ind1=" " ind2=" ">
    <subfield code="a">9789709852400 (t. I)</subfield>
  </datafield>
  <datafield tag="020" ind1=" " ind2=" ">
    <subfield code="a">9789709852417 (t. II)</subfield>
  </datafield>
  <datafield tag="040" ind1=" " ind2=" ">
    <subfield code="a">BPMSU</subfield>
    <subfield code="c">spa</subfield>
    <subfield code="d">BPMSU</subfield>
    <subfield code="d"> </subfield>
  </datafield>
  <datafield tag="082" ind1=" " ind2=" ">
    <subfield code="a"> 612.6</subfield>
    <subfield code="b">E24</subfield>
  </datafield>
  <datafield tag="245" ind1="0" ind2="0">
    <subfield code="a">Educaci&#xF3;n sexual fisiolog&#xED;a y psicolog&#xED;a /</subfield>
    <subfield code="c">coordinaci&#xF3;n editorial Ramiro Mart&#xED;nez Men&#xE9;ndez ; colaboraci&#xF3;n Victoria Ort&#xED;z Hern&#xE1;ndez </subfield>
  </datafield>
  <datafield tag="260" ind1=" " ind2=" ">
    <subfield code="a">Tlalnepantla, M&#xE9;xico :</subfield>
    <subfield code="b">Lexus,</subfield>
    <subfield code="b">Ediciones Eurom&#xE9;xico,</subfield>
    <subfield code="c">2009.</subfield>
  </datafield>
  <datafield tag="300" ind1=" " ind2=" ">
    <subfield code="a">v.  :</subfield>
    <subfield code="b">il., retrs.</subfield>
    <subfield code="c">28 cm.</subfield>
  </datafield>
  <datafield tag="505" ind1="2" ind2=" ">
    <subfield code="g">vol. I :</subfield>
    <subfield code="t">Historia de la sexualidad --</subfield>
    <subfield code="t">Precursores --</subfield>
    <subfield code="t">Pedagog&#xED;a sexual --</subfield>
    <subfield code="t">La mejor edad para empezar  con la educaci&#xF3;n sexual --</subfield>
    <subfield code="t">&#xBF;C&#xF3;mo aprendo la sexualidad en mi familia? --</subfield>
    <subfield code="t">&#xBF;Por qu&#xE9; no somos iguales hombres y mujeres? --</subfield>
    <subfield code="t">La actividad sexual --</subfield>
    <subfield code="t">Anatom&#xED;a y fisiolog&#xED;a sexual --</subfield>
    <subfield code="t">Aparato genital masculino --</subfield>
    <subfield code="t">Autoex&#xE1;men de los test&#xED;culos --</subfield>
    <subfield code="t">Aparato genital femenino --</subfield>
    <subfield code="t">Comportamiento sexual --</subfield>
    <subfield code="t">Respuesta sexual masculina --</subfield>
    <subfield code="t">Eyaculaci&#xF3;n precoz --</subfield>
    <subfield code="t">Respuesta sexual femenina --</subfield>
    <subfield code="t">Diferencias sexuales --</subfield>
    <subfield code="t">Diferencia sexual --</subfield>
    <subfield code="t">La sexualidad en diferentes edades --</subfield>
    <subfield code="t">Cambios en la pubertad --</subfield>
    <subfield code="t">Sexualidad en la edad adulta --</subfield>
    <subfield code="t">Sexualidad en adultos mayores --</subfield>
    <subfield code="t">Sexualidad durante el embarazo --</subfield>
  </datafield>
  <datafield tag="505" ind1="2" ind2=" ">
    <subfield code="g">vol. II :</subfield>
    <subfield code="t">Embarazo y parto --</subfield>
    <subfield code="t">La contracepci&#xF3;n y el aborto --</subfield>
    <subfield code="t">El aborto --</subfield>
    <subfield code="t">M&#xE9;todos anticonceptivos --</subfield>
    <subfield code="t">La homosexualidad --</subfield>
    <subfield code="t">Homosexualidad masculina --</subfield>
    <subfield code="t">Lesbianismo --</subfield>
    <subfield code="t">Diferencias entre las lesbianas y los homosexuales masculinos --</subfield>
    <subfield code="t">Diferencias entre las mujeres homosexuales y las heterosexuales ---</subfield>
    <subfield code="t">El transexualismo --</subfield>
    <subfield code="t">Las parafilias --</subfield>
    <subfield code="t">Fetichismo --</subfield>
    <subfield code="t">Travestimo --</subfield>
    <subfield code="t">Exhibicionismo y vouyerismo --</subfield>
    <subfield code="t">Sadismo y masoquismo --</subfield>
    <subfield code="t">Paidofilia --</subfield>
    <subfield code="t">Otras paidofilias --</subfield>
    <subfield code="t">Bestialismo y zoofilia --</subfield>
    <subfield code="t">Necrofilia --</subfield>
    <subfield code="t">Disfunciones sexuales --</subfield>
    <subfield code="t">Disfunciones sexuales masculinas --</subfield>
    <subfield code="t">Disfunciones sexuales femeninas --</subfield>
    <subfield code="t">Enfermedades de tyransmisi&#xF3;n sexual (ETS) --</subfield>
    <subfield code="t">Evoluci&#xF3;n de las ETS --</subfield>
    <subfield code="t">Incidencia de las ETS --</subfield>
    <subfield code="t">Factores generales que pueden influir en el aumento de las ETS --</subfield>
    <subfield code="t">Abuso sexual --</subfield>
    <subfield code="t">Violaci&#xF3;n y acoso sexual --</subfield>
    <subfield code="t">Mitos sobre sexualidad --</subfield>
    <subfield code="t">El tama&#xF1;o del pene --</subfield>
    <subfield code="t">La estimulaci&#xF3;n del cl&#xED;toris --</subfield>
    <subfield code="t">Orgasmo vaginal --</subfield>
    <subfield code="t">Menstruaci&#xF3;n y acto sexual --</subfield>
    <subfield code="t">Embarazo y acto sexual --</subfield>
    <subfield code="t">Masturbaci&#xF3;n y respuesta sexual --</subfield>
    <subfield code="t">El amor, un elemento escencial en el acto sexual --</subfield>
    <subfield code="t">Los afrodisiacos --</subfield>
    <subfield code="t">La vida en pareja --</subfield>
    <subfield code="t">Algunos mitos en la relaci&#xF3;n de pareja --</subfield>
    <subfield code="t">Los problemas de pareja --</subfield>
    <subfield code="t">La negociaci&#xF3;n --</subfield>
    <subfield code="t">Preguntas y respuestas sobre sexualidad --</subfield>
    <subfield code="t">Preguntas generales --</subfield>
    <subfield code="t">Preguntas comunes en la infancia --</subfield>
    <subfield code="t">Preguntas generales en la adolescencia --</subfield>
  </datafield>
  <datafield tag="600" ind1="0" ind2="0">
    <subfield code="a"> </subfield>
    <subfield code="x"> </subfield>
  </datafield>
  <datafield tag="650" ind1=" " ind2="4">
    <subfield code="a">EDUCACI&#xD3;N SEXUAL</subfield>
  </datafield>
  <datafield tag="700" ind1="1" ind2="2">
    <subfield code="a">Mart&#xED;nez Men&#xE9;ndez, Ramiro</subfield>
    <subfield code="e">coord.</subfield>
  </datafield>
  <datafield tag="700" ind1="1" ind2="2">
    <subfield code="a">Ort&#xED;z Hern&#xE1;ndez, Victoria</subfield>
  </datafield>
  <datafield tag="910" ind1=" " ind2=" ">
    <subfield code="a">Validado. Control de calidad MFF</subfield>
  </datafield>
  <datafield tag="942" ind1=" " ind2=" ">
    <subfield code="2">ddc</subfield>
    <subfield code="c">BK</subfield>
  </datafield>
  <datafield tag="945" ind1=" " ind2=" ">
    <subfield code="a">Inventariado, 2017/MFF</subfield>
  </datafield>
  <datafield tag="952" ind1=" " ind2=" ">
    <subfield code="0">0</subfield>
    <subfield code="1">0</subfield>
    <subfield code="2">ddc</subfield>
    <subfield code="4">0</subfield>
    <subfield code="7">0</subfield>
    <subfield code="8">CG</subfield>
    <subfield code="a">BPMET</subfield>
    <subfield code="b">BPMET</subfield>
    <subfield code="d">2016-09-14</subfield>
    <subfield code="e">Compra</subfield>
    <subfield code="g">2800.00</subfield>
    <subfield code="l">0</subfield>
    <subfield code="o">612.6    E24    v.1</subfield>
    <subfield code="p">BPMSU16090258</subfield>
    <subfield code="r">2016-09-14</subfield>
    <subfield code="w">2016-09-14</subfield>
    <subfield code="y">BK</subfield>
  </datafield>
  <datafield tag="952" ind1=" " ind2=" ">
    <subfield code="0">0</subfield>
    <subfield code="1">0</subfield>
    <subfield code="2">ddc</subfield>
    <subfield code="4">0</subfield>
    <subfield code="7">0</subfield>
    <subfield code="8">CG</subfield>
    <subfield code="a">BPMET</subfield>
    <subfield code="b">BPMET</subfield>
    <subfield code="d">2016-09-14</subfield>
    <subfield code="e">Compra</subfield>
    <subfield code="g">2800.00</subfield>
    <subfield code="l">0</subfield>
    <subfield code="o">612.6    E24    v.2</subfield>
    <subfield code="p">BPMSU16090259</subfield>
    <subfield code="r">2016-09-14</subfield>
    <subfield code="w">2016-09-14</subfield>
    <subfield code="y">BK</subfield>
  </datafield>
  <datafield tag="956" ind1=" " ind2=" ">
    <subfield code="2">YLOCKWARD</subfield>
    <subfield code="3">10</subfield>
    <subfield code="8">BPMSU</subfield>
  </datafield>
  <datafield tag="999" ind1=" " ind2=" ">
    <subfield code="c">11367</subfield>
    <subfield code="d">11367</subfield>
  </datafield>
</record>
